Tilastot visalle Venezuela-visa

Klikkaa tästä pelataksesi tätä visaa!

Yleistilastot

  • Tätä visaa on pelattu 178 kertaa
  • Keskiarvotulos 13 / 20

Vastaustilastot

VihjeVastaus% Oikein
Venezuelan naapurimaatBrasilia
96%
Venezuelan naapurimaatGuyana
95%
Venezuelan naapurimaatKolumbia
95%
Virallinen kieliEspanja
91%
PääkaupunkiCaracas
88%
Meri, jonka rannalla Venezuela sijaitseeKaribianmeri
80%
Ilmeisesti Amerigo Vespucci nimesi
Venezuelan tämän Euroopan kaupungin mukaan
Venetsia
77%
Vuonna 2018 tämä talouden
tunnusluku ylitti 1 000 000 %
Inflaatio
68%
Venezuelalla on suuremmat todistetut
varannot tätä kuin millään muulla valtiolla
Öljy
68%
Suosituin urheilulajiBaseball
65%
Venezuelalaiset naiset ovat voittaneet
23 merkittävää kansainvälistä...
Kauneuskilpailua
62%
Itsenäisyysjohtaja, jonka mukaan
valtion valuutta on nimetty
Simón Bolívar
61%
Maailman korkeimmat vesiputoukset{Angelin} putoukset
56%
Venezuelan presidentti vuosina 1999–2012Hugo Chávez
44%
Saari yllä olevassa meressä,
jolla on sama nimi kuin suositulla cocktaililla
Isla {Margarita}
43%
Venezuelan presidentti vuosina 2013–Nicolás Maduro
40%
Joskua Etelä-Amerikan suurimmaksi järveksi
kutsuttu merenlahti
{Maracaibo}järvi
39%
Pixarin animaatioelokuva, jossa yllä olevat vuoret esiintyvätUp
37%
Pisin jokiOrinoco
32%
"T"-sana, joka viittaa Venezuelan
kaakkoisosissa sijaitseviin pöytävuoriin
Tepui
28%

Tulosjakauma

Persentiili vastausten määrän mukaan

Jokaisen tuloksen saaneiden osuus

Tuloshistoriasi

Et ole pelannut tätä visaa